13 Most Watched Netflix Shows (in 28 days) - Statistics

General Stats
  • This quiz has been taken 67 times
  • The average score is 5 of 13
Answer Stats
Show Hours streamed % Correct
Squid Game 1.65 B
86%
Stranger Things 3 582.1 M
86%
Stranger Things 4 1.35 B
86%
Bridgerton 625.5 M
34%
Money Heist Part 4 619 M
34%
Money Heist Part 5 792.2 M
34%
Bridgerton S2 656.2 M
29%
Ozark S4 411.1 M
19%
Lucifer S5 565.5 M
17%
The Witcher 541 M
15%
13 Reasons Why S2 496.1 M
10%
All of Us Are Dead 560.8 M
7%
Inventing Anna 511.9 M
3%
No matching quizzes found
Score Distribution
Percent of People with Each Score
Percentile by Number Answered
Your Score History
You have not taken this quiz